Imágenes de fe y esperanza : descubre los valores en las películas de Disney-Pixar /

محفوظ في:
التفاصيل البيبلوغرافية
المؤلف الرئيسي: Guzmán García, Sergio Manuel (autor)
التنسيق: كتاب
اللغة:الإسبانية
منشور في: México : Buena Prensa, 2013, c2013
الوسوم: إضافة وسم
لا توجد وسوم, كن أول من يضع وسما على هذه التسجيلة!

MARC

LEADER 00000nam^a2200000^a^4500
001 000623814
005 20260323000000.0
009 20260407175326.384
020 |a 978-607-9183-97-4 
037 |a Acervo Xavier Clavigero 
041 |a ESP 
091 |a FHG. 00625 
100 |a Guzmán García, Sergio Manuel  |e (autor) 
245 1 0 |a Imágenes de fe y esperanza :  |b descubre los valores en las películas de Disney-Pixar / 
264 4 |a México :  |b Buena Prensa,  |c 2013, c2013 
300 |a 158 p. 
336 |a texto  |b txt  |2 rdacontenido 
337 |a sin mediación  |b n  |2 rdamedio 
338 |a volumen  |b nc  |2 rdasoporte 
649 |a XX 
910 |a Fondo Humberto García Bedoy S.J. 
920 |a Impresos - Libros 
930 |a Fondos Especiales 
905 |a 148 
901 |a 623814-10  |b IT2  |c ESP  |i D  |u 20251031 
901 |a 623814-20  |b IT2  |c ESP  |i D  |u 20260323 
902 |a https://opac.biblio.iteso.mx/vufind/Record/000623814